Sports Quiz

Random Sports or NFL Quiz

NFL Alma Maters II Quiz Stats

 Plays Quiz not verified by Sporcle

Score 0/32 Timer 05:00
0 Plays Today
Player School % Correct
Vince YoungTexas
99.7%
Eli ManningOle Miss
98.9%
Chad HenneMichigan
96.7%
Larry FitzgeraldPitt
94.4%
Joe FlaccoDelaware
94.4%
Matt RyanBoston College
94.1%
Darren McFaddenArkansas
91.7%
Jay CutlerVanderbilt
89.2%
A.J. HawkOhio St
86.9%
Brett FavreSouthern Miss
85.9%
Maurice Jones-DrewUCLA
81.6%
Chris JohnsonEast Carolina
81.4%
Jonathan StewartOregon
77.6%
Santana MossMiami
77.6%
Kyle OrtonPurdue
77.4%
Jamaal CharlesTexas
76.7%
Player School % Correct
Mario WilliamsNC St
74.4%
Joseph AddaiLSU
73.9%
Wes WelkerTexas Tech
68.3%
Hines WardGeorgia
66.1%
Aaron CurryWake Forest
63.4%
Dwight FreeneySyracuse
61%
Shawne MerrimanMaryland
48.8%
David GarrardEast Carolina
47.3%
Jon BeasonMiami
47%
Mark ClaytonOklahoma
45.8%
Jake DelhommeLouisiana-Lafayette
36.4%
Josh CribbsKent St
35.1%
Keith BrookingGeorgia Tech
22.4%
Tracy PorterIndiana
15.5%
Kyle Vanden BoschNebraska
14.6%
Kris JenkinsMaryland
10.2%

You're not logged in!

Compare scores with friends on all Sporcle quizzes.
OR
Log In

Show Comments

Extras

Top Quizzes Today


Score Distribution

Your Account Isn't Verified!

In order to create a playlist on Sporcle, you need to verify the email address you used during registration. Go to your Sporcle Settings to finish the process.

Report this User

Report this user for behavior that violates our Community Guidelines.

Details: